Statistiques concernant Sport : Les épreuves de Natation aux Jeux Olympiques

Cliquez ici pour prendre le quiz!

Statistiques générales

  • Ce quiz a été pris 519 fois
  • Le résultat moyen est 14 sur 19

Statistiques - réponses

Epreuves% Correct
En individuel100 mètres Nage Libre
94%
En individuel50 mètres Nage Libre
94%
En individuel200 mètres Nage Libre
92%
En individuel400 mètres Nage Libre
89%
En individuel100 mètres Brasse
85%
En individuel100 mètres Papillon
85%
En individuel800 mètres Nage Libre
85%
En individuel100 mètres Dos
82%
En individuel200 mètres Brasse
80%
En individuel200 mètres Dos
80%
En individuel200 mètres Papillon
80%
En individuel1500 mètres Nage Libre
75%
En individuel200 mètres 4 nages
63%
En individuel400 mètres 4 nages
63%
Relais4x100 mètres Nage Libre
61%
Relais4x200 mètres nage Libre
55%
Relais4x100 mètres 4 nages
54%
Mixte4x100 mètres 4 nages
54%
En individuel10 km en Eau Libre
10%

Distribution des résultats

Percentile par nombre de réponses

% des personnes avec chaque résultat

Votre développement - résultats

Vous n’avez pas pris ce quiz